000
00315nam a22001217a 4500
020
_a
0-13-854869-2
082
_a
005.133-P KIE'S
100
_a
KIEBURTZ, R.B
_9
76268
245
_a
STRUCTURED PROGRAMMING AND PROBLEM SOLVING WITH PASCAL
260
_a
NEW JERSEY
_b
PRENTICE HALL
_c
1978
300
_a
365P
942
_c
BK
999
_c
581662
_d
581662